000 00864nam a2200265Ia 4500
003 OSt
005 20220923230938.0
006 a|||||r|||| 00| 0
007 ta
008 Pun
020 _c120
024 _a320,246
037 _b792, 27/02/2017, H.K. Prakashan
_cTextual
040 _aARTS
_cARTS
_bPun
041 _2Pun
_aPun
082 _aO153,3NSI4,JT, Q3
100 _aਸੁਰਜੀਤ ਸਿੰਘ, ਂਚ.
245 0 _aਜੱਗੋ੍ਵ-ਤੇਰ੍ਹਵੀ੍ਵ
260 _aਬਰਨਾਲਾ
_b ਤਰਕਭਾਰਤੀ ਪ੍ਰਕਾFਨ
_c2013
300 _a104ਪ੍ਰ0
_ccm.
650 _a ਪੰਜਾਬੀ ਕਹਾਣੀ
650 _aਸ਼ਚਅਹ਼ਲਜ
942 _hO153,3NSI4,JT, Q3
_cTEXL
_2CC
999 _c388414
_d388414